[Event "Chigorin Memorial 23rd"]
[Site "St Petersburg"]
[Date "2015.10.03"]
[Round "1"]
[White "Chekletsova, Darya"]
[Black "Naumenko, Oleg"]
[Result "1/2-1/2"]
[WhiteElo "1495"]
[BlackElo "2167"]
[PlyCount "85"]
[EventDate "2015.10.03"]
[EventType "swiss"]
[EventRounds "9"]
[EventCountry "RUS"]
[SourceTitle "CBM 168 Extra"]
[Source "ChessBase"]
[SourceDate "2015.10.29"]
[SourceVersion "1"]
[SourceVersionDate "2015.10.29"]
[SourceQuality "1"]

1. d4 Nf6 2. Bg5 Ne4 3. Bf4 d5 4. Nf3 Bf5 5. e3 e6 6. Nbd2 Bd6 7. Be5 0-0 8. Nxe4 dxe4 9. Bxd6 cxd6 10. Nd2 d5 11. h3 Qb6 12. h4 h6 13. g4 Bg6 14. h5 Bh7 15. g5 hxg5 16. Qg4 f6 17. h6 Bf5 18. Qh5 g6 19. h7+ Kh8 20. Qh6 Nd7 21. Rb1 Rac8 22. c3 a5 23. Be2 Rf7 24. Qh2 a4 25. a3 Nf8 26. Qg3 Rxh7 27. Rxh7+ Kxh7 28. Kf1 Kg7 29. Kg2 Nd7 30. Rh1 Rh8 31. Rxh8 Kxh8 32. Bg4 Kg7 33. Bxf5 gxf5 34. c4 e5 35. dxe5 Nxe5 36. cxd5 Qxb2 37. Nc4 Nxc4 38. Qc7+ Kg6 39. Qxc4 Qxa3 40. d6 Qxd6 41. Qg8+ Kh6 42. Qh8+ Kg6 43. Qg8+ 1/2-1/2

[Event "Chigorin Memorial 22nd"]
[Site "St Petersburg"]
[Date "2014.10.21"]
[Round "4"]
[White "Delemarre, Jop"]
[Black "Naumenko, Oleg"]
[Result "1-0"]
[WhiteElo "2399"]
[BlackElo "2133"]
[PlyCount "61"]
[EventDate "2014.10.18"]
[EventType "swiss"]
[EventRounds "9"]
[EventCountry "RUS"]
[SourceTitle "EXT 2015"]
[Source "ChessBase"]
[SourceDate "2014.11.20"]
[SourceVersion "1"]
[SourceVersionDate "2014.11.20"]
[SourceQuality "1"]

1. d4 Nf6 2. c4 d6 3. Nc3 e5 4. d5 Be7 5. g3 0-0 6. Bg2 a5 7. Nf3 Na6 8. 0-0 Nc5 9. b3 Ne8 10. e4 f5 11. exf5 Bxf5 12. Be3 b6 13. h3 Bf6 14. Re1 g6 15. g4 Bd7 16. Qc2 Ng7 17. Rad1 Qe8 18. Bh6 Qf7 19. Re3 Rae8 20. Rf1 Kh8 21. Kh1 Rg8 22. Ng5 Qe7 23. f4 Nf5 24. gxf5 gxf5 25. Ne6 Bxe6 26. dxe6 Rg6 27. Nd5 Qxe6 28. Nxc7 Qf7 29. Nxe8 Qxe8 30. Bg5 Bg7 31. Qxf5 1-0

[Event "Chigorin Memorial 22nd"]
[Site "St Petersburg"]
[Date "2014.10.20"]
[Round "3"]
[White "Naumenko, Oleg"]
[Black "Sadovsky, Artem"]
[Result "1/2-1/2"]
[WhiteElo "2133"]
[BlackElo "2364"]
[PlyCount "83"]
[EventDate "2014.10.18"]
[EventType "swiss"]
[EventRounds "9"]
[EventCountry "RUS"]
[SourceTitle "EXT 2015"]
[Source "ChessBase"]
[SourceDate "2014.11.20"]
[SourceVersion "1"]
[SourceVersionDate "2014.11.20"]
[SourceQuality "1"]

1. e4 c6 2. Nc3 d5 3. Nf3 Bg4 4. h3 Bxf3 5. Qxf3 e6 6. d3 Bb4 7. a3 Qa5 8. Bd2 d4 9. Nb1 Bxd2+ 10. Nxd2 Ne7 11. Qg3 0-0 12. b4 Qd8 13. Be2 a5 14. 0-0 axb4 15. axb4 Rxa1 16. Rxa1 Na6 17. Rb1 b5 18. Nb3 Ng6 19. Bh5 Qb6 20. Bxg6 hxg6 21. Qd6 Rd8 22. Qe7 e5 23. Ra1 Qc7 24. Qxc7 Nxc7 25. Ra7 Ne6 26. Nc5 Nxc5 27. bxc5 Kf8 28. Rc7 Ra8 29. Rxc6 Ra1+ 30. Kh2 Rc1 31. Rb6 Rxc2 32. Rxb5 f6 33. Rb8+ Kf7 34. Rb7+ Kg8 35. Rb8+ Kh7 36. Rc8 Rxf2 37. c6 Rc2 38. h4 f5 39. exf5 gxf5 40. Re8 Rxc6 41. Rxe5 Rc3 42. Rxf5 1/2-1/2

[Event "St Petersburg Spring op"]
[Site "St Petersburg"]
[Date "2012.03.30"]
[Round "9"]
[White "Golovankov, Vladimir"]
[Black "Naumenko, Oleg"]
[Result "1/2-1/2"]
[WhiteElo "2302"]
[BlackElo "2105"]
[PlyCount "80"]
[EventDate "2012.03.22"]
[EventType "swiss"]
[EventRounds "9"]
[EventCountry "RUS"]
[SourceTitle "EXT 2013"]
[Source "ChessBase"]
[SourceDate "2012.11.22"]
[SourceVersion "1"]
[SourceVersionDate "2012.11.22"]
[SourceQuality "1"]

1. d4 Nf6 2. Nf3 c5 3. c3 b6 4. g3 Bb7 5. Bg2 g6 6. 0-0 Bg7 7. Re1 0-0 8. Nbd2 d5 9. b4 Nbd7 10. e3 Qc7 11. Bb2 e5 12. Nxe5 Nxe5 13. dxe5 Qxe5 14. bxc5 bxc5 15. Rb1 Qc7 16. c4 Rfd8 17. Qc2 Bc6 18. cxd5 Bxd5 19. e4 Be6 20. Nc4 Rab8 21. Be5 Rxb1 22. Rxb1 Qd7 23. Bf1 Ng4 24. Bxg7 Kxg7 25. Be2 Qd4 26. Bxg4 Bxg4 27. Kg2 Be6 28. Ne3 Qd3 29. Rc1 c4 30. Nxc4 Qxc2 31. Rxc2 Rc8 32. Ne3 Rxc2 33. Nxc2 Bxa2 34. Kf3 Kf6 35. Ke3 g5 36. Nb4 Be6 37. Nc6 a6 38. f4 gxf4+ 39. gxf4 Bd7 40. Na5 Be6 1/2-1/2

[Event "St Petersburg Spring op"]
[Site "St Petersburg"]
[Date "2012.03.29"]
[Round "8"]
[White "Naumenko, Oleg"]
[Black "Guzenko, Artem"]
[Result "1/2-1/2"]
[WhiteElo "2105"]
[BlackElo "2226"]
[PlyCount "65"]
[EventDate "2012.03.22"]
[EventType "swiss"]
[EventRounds "9"]
[EventCountry "RUS"]
[SourceTitle "EXT 2013"]
[Source "ChessBase"]
[SourceDate "2012.11.22"]
[SourceVersion "1"]
[SourceVersionDate "2012.11.22"]
[SourceQuality "1"]

1. e4 c5 2. c3 Nf6 3. e5 Nd5 4. Nf3 e6 5. d4 cxd4 6. cxd4 b6 7. Nc3 Ba6 8. Nxd5 exd5 9. Bxa6 Nxa6 10. 0-0 Be7 11. Qb3 Nc7 12. Bf4 Qc8 13. Rac1 Qb7 14. Bg5 Bxg5 15. Nxg5 h6 16. Rxc7 Qxc7 17. Qxd5 0-0 18. Nxf7 Qc6 19. Nxh6+ Kh7 20. Qxc6 dxc6 21. Ng4 Rf4 22. h3 Rxd4 23. f4 c5 24. f5 c4 25. e6 Re4 26. Rd1 Rf8 27. Nf2 Re2 28. g4 Rxb2 29. Ne4 Re2 30. Ng5+ Kg8 31. Kf1 Re5 32. Nf7 Rxf7 33. exf7+ 1/2-1/2

[Event "St Petersburg Spring op"]
[Site "St Petersburg"]
[Date "2012.03.28"]
[Round "7"]
[White "Bazeev, German"]
[Black "Naumenko, Oleg"]
[Result "1/2-1/2"]
[WhiteElo "2302"]
[BlackElo "2105"]
[PlyCount "94"]
[EventDate "2012.03.22"]
[EventType "swiss"]
[EventRounds "9"]
[EventCountry "RUS"]
[SourceTitle "EXT 2013"]
[Source "ChessBase"]
[SourceDate "2012.11.22"]
[SourceVersion "1"]
[SourceVersionDate "2012.11.22"]
[SourceQuality "1"]

1. Nf3 Nf6 2. d4 d6 3. c4 g6 4. Nc3 Bg7 5. e4 0-0 6. Be2 e5 7. 0-0 Nc6 8. d5 Ne7 9. Ne1 Nd7 10. f3 f5 11. Be3 f4 12. Bf2 g5 13. Rc1 Ng6 14. c5 Nf6 15. cxd6 cxd6 16. Nb5 Rf7 17. Qc2 Ne8 18. Nxa7 Bd7 19. Qb3 g4 20. fxg4 f3 21. Bxf3 Bh6 22. Rc2 Qg5 23. Qxb7 Rd8 24. Qb6 Ra8 25. h3 Nh4 26. Be2 Nf6 27. Nf3 Nxf3+ 28. Bxf3 Raf8 29. Rc3 Qg6 30. Qxd6 Bf4 31. Nc6 Qg7 32. Be3 Nxe4 33. Bxe4 Bxe3+ 34. Rxe3 Rxf1+ 35. Kh2 Qg5 36. Qxe5 Qh4 37. Ne7+ Kf7 38. d6 Be6 39. Bg6+ hxg6 40. Qxe6+ Kg7 41. Qxg6+ Kh8 42. Nf5 R8xf5 43. gxf5 Rh1+ 44. Kxh1 Qe1+ 45. Kh2 Qg1+ 46. Kg3 Qxe3+ 47. Kh4 Qxh3+ 1/2-1/2

[Event "St Petersburg Spring op"]
[Site "St Petersburg"]
[Date "2012.03.25"]
[Round "4"]
[White "Naumenko, Oleg"]
[Black "Solovjov, Sergey"]
[Result "1-0"]
[WhiteElo "2105"]
[BlackElo "2366"]
[PlyCount "95"]
[EventDate "2012.03.22"]
[EventType "swiss"]
[EventRounds "9"]
[EventCountry "RUS"]
[SourceTitle "EXT 2013"]
[Source "ChessBase"]
[SourceDate "2012.11.22"]
[SourceVersion "1"]
[SourceVersionDate "2012.11.22"]
[SourceQuality "1"]

1. d4 Nf6 2. c4 g6 3. Nc3 Bg7 4. e4 d6 5. Nf3 0-0 6. Be2 e5 7. 0-0 Nc6 8. d5 Ne7 9. Ne1 Nd7 10. f3 f5 11. g4 Kh8 12. h4 Ng8 13. Ng2 Bh6 14. Bxh6 Nxh6 15. exf5 gxf5 16. g5 Nf7 17. f4 c6 18. dxc6 bxc6 19. fxe5 Qb6+ 20. Kh1 Ndxe5 21. Na4 Qa5 22. a3 Bd7 23. b4 Qd8 24. c5 h6 25. gxh6 d5 26. Qd4 Qf6 27. Rae1 Nxh6 28. Bh5 Neg4 29. Qxf6+ Nxf6 30. Nf4 Nxh5 31. Nxh5 Rf7 32. Nb2 Ng4 33. Nf4 a5 34. Nbd3 Kg7 35. Ne5 Nxe5 36. Rxe5 Kf6 37. Re2 Rh7 38. h5 axb4 39. axb4 Be8 40. Re6+ Kg5 41. Nh3+ Kxh5 42. Rg1 Kh4 43. Ng5 Bh5 44. Re3 Bg4 45. Nxh7 f4 46. Rb3 d4 47. Nf6 Be2 48. Kh2 1-0

[Event "Chigorin Memorial 18th"]
[Site "St Petersburg"]
[Date "2010.11.04"]
[Round "8"]
[White "Naumenko, Oleg"]
[Black "Ivanov, Miroslav"]
[Result "1-0"]
[WhiteElo "2124"]
[BlackElo "2027"]
[PlyCount "53"]
[EventDate "2010.10.28"]
[EventType "swiss"]
[EventRounds "9"]
[EventCountry "RUS"]
[SourceTitle "EXT 2011"]
[Source "ChessBase"]
[SourceDate "2010.11.26"]
[SourceVersion "1"]
[SourceVersionDate "2010.11.26"]
[SourceQuality "1"]

1. d4 d5 2. Nf3 Nf6 3. c4 e6 4. cxd5 exd5 5. Nc3 Be7 6. Bg5 0-0 7. e3 c6 8. Bd3 Bg4 9. Qc2 Bxf3 10. gxf3 h6 11. h4 Nbd7 12. 0-0-0 Re8 13. Rdg1 Kh8 14. Rh2 c5 15. Rhg2 cxd4 16. exd4 Qb6 17. Be3 Bf8 18. Kb1 Rac8 19. Bf5 Qc6 20. Qd2 b5 21. Bc2 b4 22. Ne2 Nb6 23. b3 Rc7 24. Bd3 a5 25. Bf4 Ra7 26. Be5 a4 27. Qxh6+ 1-0

[Event "Chigorin Memorial 18th"]
[Site "St Petersburg"]
[Date "2010.10.28"]
[Round "1"]
[White "Goganov, Aleksey"]
[Black "Naumenko, Oleg"]
[Result "1-0"]
[WhiteElo "2478"]
[BlackElo "2124"]
[PlyCount "121"]
[EventDate "2010.10.28"]
[EventType "swiss"]
[EventRounds "9"]
[EventCountry "RUS"]
[SourceTitle "EXT 2011"]
[Source "ChessBase"]
[SourceDate "2010.11.26"]
[SourceVersion "1"]
[SourceVersionDate "2010.11.26"]
[SourceQuality "1"]

1. d4 d5 2. c4 e6 3. Nf3 c6 4. e3 Nf6 5. b3 Nbd7 6. Bb2 Bd6 7. Bd3 0-0 8. Nbd2 dxc4 9. bxc4 c5 10. 0-0 Qc7 11. Qc2 h6 12. Ne4 Nxe4 13. Bxe4 Nf6 14. Bd3 Ng4 15. h3 Nh2 16. Nxh2 Bxh2+ 17. Kh1 Bd6 18. Qc3 Re8 19. d5 e5 20. Qc2 Qe7 21. Bh7+ Kh8 22. Bf5 e4 23. Bxc8 Raxc8 24. Rab1 Rcd8 25. f4 b6 26. Qe2 Qh4 27. Qg4 Qxg4 28. hxg4 Kg8 29. Kg1 f6 30. Bc3 Kf7 31. a4 Rb8 32. Rb2 Kg6 33. Kf2 Rh8 34. Rfb1 h5 35. gxh5+ Kxh5 36. a5 Bc7 37. g4+ Kxg4 38. Rg1+ Kf5 39. Rxg7 Rh2+ 40. Kg3 Rxb2 41. Bxb2 bxa5 42. Rxc7 Rxb2 43. Rxc5 Re2 44. d6+ Ke6 45. f5+ Kxd6 46. Rd5+ Kc6 47. Kf4 Rc2 48. Rxa5 Rxc4 49. Rxa7 Kd6 50. Rf7 Kd5 51. Rd7+ Kc6 52. Rd4 Rxd4 53. exd4 Kd5 54. Ke3 Kc6 55. Kxe4 Kd6 56. Ke3 Kc6 57. Kd2 Kd6 58. Kc3 Kc6 59. Kc4 Kd6 60. d5 Ke5 61. Kc5 1-0

[Event "St Petersburg Blokadny op"]
[Site "St Petersburg"]
[Date "2010.01.10"]
[Round "8"]
[White "Khatenever, Feliks"]
[Black "Naumenko, Oleg"]
[Result "1/2-1/2"]
[WhiteElo "1914"]
[BlackElo "2173"]
[PlyCount "93"]
[EventDate "2010.01.03"]
[EventType "swiss"]
[EventRounds "9"]
[EventCountry "RUS"]
[SourceTitle "CBM 134 Extra"]
[Source "ChessBase"]
[SourceDate "2010.03.03"]
[SourceVersion "1"]
[SourceVersionDate "2010.03.03"]
[SourceQuality "1"]

1. d4 f5 2. e4 fxe4 3. Nc3 Nf6 4. Bg5 c6 5. f3 e3 6. Bxe3 g6 7. Qd2 Bg7 8. Bd3 d5 9. Nge2 Be6 10. Bh6 0-0 11. Bxg7 Kxg7 12. Qg5 Qd6 13. Qe5 Nbd7 14. Qxd6 exd6 15. 0-0 Rae8 16. Nf4 Rf7 17. Rfe1 Nf8 18. Re3 Rfe7 19. Rae1 Kf7 20. Nd1 a6 21. c3 c5 22. h4 h5 23. Nf2 Ng8 24. N2h3 Bxh3 25. Rxe7+ Rxe7 26. Rxe7+ Nxe7 27. Nxh3 cxd4 28. cxd4 Ne6 29. Kf2 Nxd4 30. g4 hxg4 31. fxg4 Ne6 32. h5 gxh5 33. gxh5 Kg7 34. Kg3 Kh6 35. Kh4 Nc6 36. Nf2 Ne5 37. Ng4+ Nxg4 38. Kxg4 Nc5 39. Bg6 Na4 40. b3 Nc3 41. a4 Ne4 42. Bf7 d4 43. Kf4 Nc3 44. Bg6 a5 45. Bf7 d5 46. Kf3 Kg5 47. Bg6 1/2-1/2

[Event "Chigorin Memorial 17th"]
[Site "St Petersburg"]
[Date "2009.10.21"]
[Round "6"]
[White "Naumenko, Oleg"]
[Black "Dzhumagaliev, Yan"]
[Result "1/2-1/2"]
[WhiteElo "2207"]
[BlackElo "2358"]
[PlyCount "75"]
[EventDate "2009.10.16"]
[EventType "swiss"]
[EventRounds "9"]
[EventCountry "RUS"]
[SourceTitle "CBM 132 Extra"]
[Source "ChessBase"]
[SourceDate "2009.11.03"]
[SourceVersion "1"]
[SourceVersionDate "2009.11.03"]
[SourceQuality "1"]

1. e4 c5 2. Nf3 e6 3. d4 cxd4 4. Nxd4 Nc6 5. Nc3 a6 6. g3 d6 7. Bg2 Bd7 8. 0-0 Nf6 9. a4 Be7 10. Nxc6 Bxc6 11. a5 0-0 12. Be3 Nd7 13. f4 b5 14. axb6 Nxb6 15. Qd3 Bb7 16. Na4 Nxa4 17. Rxa4 Qd7 18. b3 Rac8 19. c4 f5 20. Ra2 h6 21. h4 Rcd8 22. Rd1 Qc8 23. exf5 Rxf5 24. g4 Rf7 25. g5 e5 26. Bd5 Bxd5 27. Qxd5 hxg5 28. fxg5 Qg4+ 29. Rg2 Qf3 30. g6 Qxd5 31. Rxd5 Rf3 32. Bg5 Bxg5 33. Rxg5 Rxb3 34. c5 e4 35. cxd6 e3 36. Rge5 Kf8 37. Rf5+ Kg8 38. Rfe5 1/2-1/2

[Event "Chigorin Memorial 17th"]
[Site "St Petersburg"]
[Date "2009.10.17"]
[Round "2"]
[White "Naumenko, Oleg"]
[Black "Fedotov, Konstantin"]
[Result "1-0"]
[WhiteElo "2207"]
[BlackElo "1891"]
[PlyCount "53"]
[EventDate "2009.10.16"]
[EventType "swiss"]
[EventRounds "9"]
[EventCountry "RUS"]
[SourceTitle "CBM 132 Extra"]
[Source "ChessBase"]
[SourceDate "2009.11.03"]
[SourceVersion "1"]
[SourceVersionDate "2009.11.03"]
[SourceQuality "1"]

1. e4 c5 2. Nc3 Nc6 3. f4 g6 4. Nf3 Bg7 5. Bc4 e6 6. 0-0 Nge7 7. d3 0-0 8. Qe1 d5 9. Bb3 b5 10. Nxb5 Qb6 11. c4 Ba6 12. a4 dxe4 13. dxe4 Rad8 14. Ra3 Nb4 15. Qh4 Rd7 16. Ne5 Bxb5 17. Nxd7 Bxd7 18. Qxe7 Bd4+ 19. Kh1 Bc6 20. Bd1 Bxe4 21. Bf3 Bd3 22. Rd1 Bxc4 23. f5 exf5 24. Bh6 Rb8 25. a5 Qe6 26. Re3 Bxe3 27. Rd8+ 1-0

[Event "St Petersburg Chigorin CC-ch"]
[Site "St Petersburg"]
[Date "2009.05.25"]
[Round "6"]
[White "Naumenko, Oleg"]
[Black "Fateev, Michail"]
[Result "1-0"]
[WhiteElo "2239"]
[BlackElo "2109"]
[PlyCount "81"]
[EventDate "2009.05.19"]
[EventType "swiss"]
[EventRounds "9"]
[EventCountry "RUS"]
[SourceTitle "CBM 130 Extra"]
[Source "ChessBase"]
[SourceDate "2009.07.02"]
[SourceVersion "2"]
[SourceVersionDate "2009.07.15"]
[SourceQuality "1"]

1. e4 e5 2. Nf3 Nc6 3. Bb5 a6 4. Ba4 Nf6 5. 0-0 Be7 6. Re1 b5 7. Bb3 0-0 8. c3 d6 9. h3 Bb7 10. d4 Re8 11. Nbd2 Bf8 12. Qe2 Qd7 13. a4 Nd8 14. Bc2 h6 15. Bd3 c6 16. Nf1 b4 17. a5 exd4 18. cxd4 c5 19. Ng3 c4 20. Bc2 b3 21. Bb1 Qb5 22. Bd2 Rc8 23. Qf1 g6 24. d5 Bg7 25. Bc3 Rc7 26. Nd4 Qc5 27. Ra4 Nxd5 28. exd5 Rxe1 29. Qxe1 Bxd4 30. Qe8+ Kg7 31. Bxd4+ Qxd4 32. Qxd8 Rc8 33. Qd7 Qxd5 34. Be4 Qd1+ 35. Kh2 c3 36. bxc3 Bxe4 37. Rxe4 Rxc3 38. Re7 Qd5 39. Ne4 Rc2 40. Nxd6 Rd2 41. Rxf7+ 1-0

[Event "St Petersburg Chigorin CC-ch"]
[Site "St Petersburg"]
[Date "2009.05.21"]
[Round "3"]
[White "Chernov, Yury"]
[Black "Naumenko, Oleg"]
[Result "1/2-1/2"]
[WhiteElo "2254"]
[BlackElo "2239"]
[PlyCount "71"]
[EventDate "2009.05.19"]
[EventType "swiss"]
[EventRounds "9"]
[EventCountry "RUS"]
[SourceTitle "CBM 130 Extra"]
[Source "ChessBase"]
[SourceDate "2009.07.02"]
[SourceVersion "2"]
[SourceVersionDate "2009.07.15"]
[SourceQuality "1"]

1. d4 Nf6 2. c4 c5 3. Nf3 cxd4 4. Nxd4 Nc6 5. Nc3 e5 6. Ndb5 d6 7. Bg5 a6 8. Bxf6 gxf6 9. Na3 f5 10. Nc2 Be6 11. Ne3 b5 12. cxb5 axb5 13. g3 Nd4 14. Bg2 Bg7 15. Ned5 0-0 16. e3 b4 17. Nxb4 Qa5 18. Nbd5 f4 19. exd4 Bxd5 20. Bxd5 exd4 21. 0-0 dxc3 22. bxc3 Rac8 23. Rb1 Rxc3 24. Rb7 Rc5 25. Bb3 Qa6 26. Qf3 Rc3 27. Qe4 f3 28. Re1 Be5 29. Bd5 Qd3 30. Qg4+ Qg6 31. Bxf3 Qxg4 32. Bxg4 Ra3 33. Re2 Rfa8 34. Bh5 Rf8 35. Kg2 Ra5 36. Rc7 1/2-1/2

[Event "St Petersburg Chigorin CC-ch"]
[Site "St Petersburg"]
[Date "2009.05.20"]
[Round "2"]
[White "Naumenko, Oleg"]
[Black "Shagiakhmetov, Artem"]
[Result "1-0"]
[WhiteElo "2239"]
[BlackElo "2084"]
[PlyCount "59"]
[EventDate "2009.05.19"]
[EventType "swiss"]
[EventRounds "9"]
[EventCountry "RUS"]
[SourceTitle "CBM 130 Extra"]
[Source "ChessBase"]
[SourceDate "2009.07.02"]
[SourceVersion "2"]
[SourceVersionDate "2009.07.15"]
[SourceQuality "1"]

1. Nf3 Nf6 2. d4 d6 3. c4 g6 4. Nc3 Bg7 5. g3 0-0 6. Bg2 Nbd7 7. 0-0 e5 8. e4 exd4 9. Nxd4 Re8 10. Re1 a6 11. b3 c5 12. Nc2 Ne5 13. Bb2 Rb8 14. Qe2 Nc6 15. Rad1 Qe7 16. Qd2 Rd8 17. Nd5 Qe6 18. f4 Ne8 19. Bxg7 Kxg7 20. Qc3+ f6 21. h3 b5 22. g4 Ne7 23. e5 dxe5 24. fxe5 f5 25. Nc7 Nxc7 26. Rxd8 fxg4 27. hxg4 Qxg4 28. e6+ Kh6 29. Re4 Qh5 30. Ne3 1-0

[Event "St Petersburg March op"]
[Site "St Petersburg"]
[Date "2009.04.06"]
[Round "6"]
[White "Naumenko, Oleg"]
[Black "Kopasov, Evgeny Aleksandrovi"]
[Result "1/2-1/2"]
[WhiteElo "2207"]
[BlackElo "2074"]
[PlyCount "101"]
[EventDate "2009.03.30"]
[EventType "swiss"]
[EventRounds "9"]
[EventCountry "RUS"]
[SourceTitle "EXT 2012"]
[Source "ChessBase"]
[SourceDate "2011.11.24"]
[SourceVersion "1"]
[SourceVersionDate "2011.11.24"]
[SourceQuality "1"]

1. e4 c5 2. Nc3 Nc6 3. f4 e6 4. Nf3 a6 5. a4 d5 6. d3 dxe4 7. Nxe4 Nf6 8. Be2 Be7 9. 0-0 0-0 10. Qe1 b6 11. Qg3 Bb7 12. Kh1 Qc7 13. f5 Qxg3 14. Nxg3 e5 15. Bg5 Nd7 16. Rae1 f6 17. Bc1 b5 18. b3 Nd4 19. Bd1 Bd5 20. Bb2 bxa4 21. bxa4 Rab8 22. Nxd4 Rxb2 23. Ne6 Rfb8 24. Ne4 Bc6 25. a5 R8b5 26. Bf3 Nb8 27. c4 Rxa5 28. Rb1 Raa2 29. Nc3 Bxf3 30. Nxa2 Bxg2+ 31. Kg1 Rxa2 32. Rxb8+ Kf7 33. Rf2 Rxf2 34. Kxf2 Bh3 35. Rb7 Bxf5 36. Nxc5 Ke8 37. Ne4 Bc8 38. Rb1 f5 39. Nc3 Bc5+ 40. Kf3 g5 41. Nd5 g4+ 42. Kg2 Kf7 43. Rb8 Be6 44. Ra8 h5 45. Rxa6 h4 46. Rc6 h3+ 47. Kg3 f4+ 48. Nxf4 exf4+ 49. Kxf4 Bg1 50. Rxe6 Kxe6 51. Kxg4 1/2-1/2

[Event "St Petersburg March op"]
[Site "St Petersburg"]
[Date "2009.04.03"]
[Round "5"]
[White "Anosov, Sergey"]
[Black "Naumenko, Oleg"]
[Result "1/2-1/2"]
[WhiteElo "2091"]
[BlackElo "2207"]
[PlyCount "126"]
[EventDate "2009.03.30"]
[EventType "swiss"]
[EventRounds "9"]
[EventCountry "RUS"]
[SourceTitle "EXT 2012"]
[Source "ChessBase"]
[SourceDate "2011.11.24"]
[SourceVersion "1"]
[SourceVersionDate "2011.11.24"]
[SourceQuality "1"]

1. e4 c5 2. c3 Nf6 3. e5 Nd5 4. d4 cxd4 5. Nf3 Nc6 6. Bc4 e6 7. cxd4 Nb6 8. Bb3 d5 9. Nc3 a6 10. h4 h6 11. Bf4 Bd7 12. Ne2 Rc8 13. Rc1 Na5 14. Rxc8 Qxc8 15. Bc2 Nac4 16. b3 Na3 17. Bd3 Bb5 18. 0-0 Bb4 19. Bxb5+ axb5 20. Qd3 0-0 21. Rc1 Qd7 22. Bd2 Be7 23. Ba5 Na8 24. Qc3 Rb8 25. Bb4 Kh7 26. Ne1 Re8 27. Nd3 b6 28. Kf1 h5 29. Bxe7 Qxe7 30. Nb4 Qxh4 31. Qb2 Qh1+ 32. Ng1 Qh4 33. Rd1 Nc4 34. bxc4 bxc4 35. Nc2 Rc8 36. Ne3 Qe4 37. Qb1 f5 38. exf6 Qxb1 39. Rxb1 gxf6 40. Ne2 Rc6 41. Nc3 Nc7 42. Ke2 Kg6 43. g3 Rd6 44. Nb5 Nxb5 45. Rxb5 Kf7 46. Kd2 Ke7 47. Kc3 Kd7 48. Rb1 Kc6 49. a4 Rd8 50. Rh1 Ra8 51. Kb4 Rh8 52. Ng4 Kd6 53. f4 Rg8 54. Nxf6 Rxg3 55. Rb1 h4 56. a5 bxa5+ 57. Kxa5 Rb3 58. Rh1 h3 59. Ne8+ Kd7 60. Nf6+ Ke7 61. Ng4 Kd6 62. Ne5 Rg3 63. Kb4 Rb3+ 1/2-1/2